Quizzes
Events
Quiz Creation
Community
Videos
Private Events
Remove Ads
Sign In
Join for FREE
Feedback
Dark Mode
Quiz Categories
Sports
Geography
Music
Movies
Television
Just For Fun
Miscellaneous
History
Literature
Language
Science
Gaming
Entertainment
Religion
Holiday
For Kids
Quiz Lab
Recent
Popular Today
Quiz Kudos Today
Editor Picks
Curator Picks
Quizzes by...
Day
Popularity
Type
Ratings
Length
Year
Community
Subscriptions
Recent Discussions
Orange Saloon
Badges
Playlists
Quests
Create
Leaderboards
Showdown
Live 5
Trivia Bingo
Activity
Puzzle Library
Sporcle Events
Private Events
Virtual Trivia
Globe League
Become a Host
Pub Owners
SporcleCon
Opinionation
Our Games
Videos
Blog
Mobile Apps
Partnerships
Remove Ads and Go Orange
Feedback
Sports
Athletes
MLB
NBA
NHL
NFL
Soccer
Sports Teams
WWE
NCAA
Football
Premier League
Basketball
Baseball
Hockey
Golf
Tennis
Cricket
Rugby
Auto Racing
Olympics
World Cup
Sports
Athletes
MLB
NBA
NHL
NFL
Soccer
Sports Teams
WWE
NCAA
Football
Premier League
Basketball
Baseball
Hockey
Golf
Tennis
Cricket
Rugby
Auto Racing
Olympics
World Cup
Random Quiz
Search Sporcle
×
Quiz Lab
Quiz Lab
Sports
City
Type in answers that appear in a list
Type in answers that appear in a list
Classic
Best Score? Go Orange.
Hull City Stars Of The Nineties (90's) Stats
Can you name the Hull City Stars Of The Nineties (90's)?
By
tigerrick
15m
149 Questions
82 Plays
82 Plays
82 Plays
Comments
Comments
Give Quiz Kudos
Give Quiz Kudos
-
- Ratings
hide this ad
More Info
Replay
Link that replays current quiz
Next Quiz
Link to next quiz in quiz playlist
You Got
0%
They Got
Avg Score
57%
Avg Friend Score
Upgrade to see
Score Distribution
Jump to the score distribution portion of the page
Score
0/149
Timer
15:00
0
Plays Today
Begins with
Name
% Correct
B
Andy Brown
85.4%
B
David Brown
85.4%
B
Linton Brown
85.4%
B
Nicky Brown
85.4%
W
Dean Windass
84.1%
E
Mike Edwards
81.7%
W
Steve Wilson
81.7%
P
Andy Payton
79.3%
A
Greg Abbott
78%
R
David Rocastle
78%
S
Mike Smith
78%
A
Colin Alcide
76.8%
A
Graeme Atkinson
76.8%
B
Gary Brabin
76.8%
F
Alan Fettis
76.8%
J
Warren Joyce
75.6%
S
Peter Swan
74.4%
P
Richard Peacock
73.2%
R
Gregor Rioch
73.2%
G
Jimmy Jimmy Graham
72%
Y
Stuart Young
72%
D
Rob Dewhurst
70.7%
G
Mark Greaves
70.7%
W
Justin Whittle
70.7%
W
Ian Wright
70.7%
W
Tommy Wright
70.7%
J
Leigh Jenkinson
68.3%
J
David Jones
68.3%
O
Andy Oakes
68.3%
O
Ian Ormondroyd
68.3%
N
David Norton
67.1%
P
Jason Perry
67.1%
Q
Mike Quigley
67.1%
A
Neil Allison
65.9%
D
David D'Auria
65.9%
H
Jason Harris
65.9%
W
Jon Whitney
65.9%
C
Roy Carroll
64.6%
G
Gavin Gordon
64.6%
H
Mark Hateley
64.6%
L
Chris Lee
64.6%
R
Gareth Roberts
64.6%
W
Andy Williams
64.6%
W
Gareth Williams
64.6%
B
Matt Baker
63.4%
B
Lee Bracey
63.4%
C
Martin Carruthers
63.4%
D
Duane Darby
63.4%
E
John Eyre
63.4%
L
Gary Lund
63.4%
Begins with
Name
% Correct
A
Billy Askew
62.2%
B
Chris Bettney
62.2%
B
Mark Bonner
62.2%
G
Ian Goodison
62.2%
B
Steven Boyack
61%
E
Lee Ellington
61%
H
Iain Hesford
61%
M
Neil Mann
61%
D
Antonio Doncel
59.8%
F
Paul Fewings
59.8%
J
Wayne Jacobs
59.8%
L
Craig Lawford
59.8%
M
David Mail
59.8%
T
Scott Thomson
59.8%
W
Ray Wallace
59.8%
W
Theodore Whitmore
59.8%
B
Dave Bamber
58.5%
P
Leigh Palin
58.5%
B
Tony Brien
57.3%
B
Lee Butler
57.3%
H
Gerry Harrison
57.3%
J
Richard Jobson
57.3%
T
Les Thompson
57.3%
W
Tommy Watson
57.3%
W
Jamie Wood
57.3%
B
Adam Bolder
56.1%
C
Nicky Culkin
56.1%
E
Stuart Elliott
56.1%
H
Paul Hunter
56.1%
N
Herry Ngata
56.1%
W
Billy Whitehurst
56.1%
W
Neil Whitworth
56.1%
B
Neil Buckley
54.9%
F
Craig Faulconbridge
54.9%
G
Paul Gibson
54.9%
H
Matt Hocking
54.9%
S
Steve Swales
54.9%
T
Robbie Turner
54.9%
C
Paul Cox
53.7%
D
Aiden Davison
53.7%
D
Bobby Davison
53.7%
D
Kevin Dearden
53.7%
F
Darren France
53.7%
K
Tony Kelly
53.7%
S
Andy Saville
53.7%
D
Craig Dudley
52.4%
P
John Pearson
52.4%
T
Dexter Tucker
52.4%
B
Kevin Betsy
51.2%
E
Matty Edeson
51.2%
Begins with
Name
% Correct
G
Kevin Gage
51.2%
T
Simon Trevitt
51.2%
W
Lee Warren
51.2%
H
Steven Hawes
50%
H
Glyn Hodges
50%
W
Ian Wilkinson
50%
C
Mark Calvert
48.8%
H
Gary Hobson
48.8%
M
Andy Mason
48.8%
M
Brian McGinty
48.8%
S
Christian Sansam
48.8%
F
Richard Fidler
47.6%
P
Lee Pridmore
47.6%
S
Jon Schofield
47.6%
S
Sam Sharman
47.6%
W
Paul Waites
47.6%
W
Paul Wharton
47.6%
B
Matt Bound
46.3%
B
Stephen Bywater
46.3%
D
Ken DeMange
46.3%
H
Chris Hargreaves
46.3%
L
Adam Lowthorpe
46.3%
M
Scott Maxfield
46.3%
T
Gwyn Thomas
46.3%
W
Russ Wilcox
46.3%
D
Simon Dakin
45.1%
H
Steve Harper
45.1%
M
Jamie Marks
45.1%
M
Steve Morgan
45.1%
H
Matt Hopkin
43.9%
S
Malcolm Shotton
43.9%
F
Jon French
42.7%
G
Kenny Gilbert
42.7%
M
Rob Miller
42.7%
T
Steve Terry
42.7%
D
Patrick Dickinson
41.5%
M
Ian McParland
41.5%
M
Nicky Mohan
41.5%
F
Tony Finnigan
40.2%
H
David Hockaday
40.2%
M
Brian Mitchell
39%
M
Steve Moran
39%
M
Mike Matthews
37.8%
S
Gareth Stoker
37.8%
H
Glenn Humphries
36.6%
W
David Walmsley
35.4%
D
Steve Doyle
34.1%
M
Ben Morley
31.7%
H
Pat Heard
25.6%
Quiz Playlist
Details
Report
Send in Message
Add To Playlist
More Info:
Made at least one competitive appearance in the decade between 1st Jan 1990 and 31st December 1999. (Credit: Matt Wales Tigers database)
Classic:
Type in answers that appear in a list
Last Updated: Feb 16, 2017
Quiz Scoreboard
CHALLENGE
Sign Up to Join the Scoreboard
Show All
Scores
Hide
Comments
May contain spoilers
Recently Published
College Basketball Coaching Resumes
by pancakes188
Sports
9m
Billboard Blitz: Fleetwood Mac
by CooCooCachoo
Music
15s
Presidents Visiting Landmarks
by Hejman
History
7m
More to Explore
Quiz From the Vault
Featured Blog Post
Where Did the Easter Bunny Come From?
hide this ad
You Might Also Like...
Tags
City Quiz
1990s
appearance
hull
Hull City
star
Today's Top Quizzes in Sports
Browse Sports
hide this ad
Today's Top Quizzes in City
Browse City
Top Contributed Quizzes in Sports
1
2022 World Cup Stars
2
Les meilleurs buteurs des matchs entre le PSG et l’OM
3
FIFA Club World Cup Champions
4
Les entraîneurs de l'OM et du PSG au 21e siècle
5
Criteria MLB: Left Handed Sluggers
6
AFC Teams Reveal (Wrong Answers Minefield)
7
5-to-1: UK Sports Teams
8
5-to-1: FBS Animal Nicknames
9
2023 MLB Unique Player Accomplishments
10
Name the Premier League winners with different clubs
Explore More
Trending Topics
Marvel
Kpop
Harry Potter
NBA
Crossword
Anime
Disney
NFL
Soccer
Song
The Office
Puzzle
Country
Pokémon
WWE
hide this ad
More By:
tigerrick
Quiz
Plays
Rating
Category
Featured
Created
Unbeaten Hull City
1,304
3.00
Sports
Feb 14, 2014
Hull City Scorers at The KC Stadium
664
4.50
Sports
Apr 4, 2013
Pick out the players who had loan spells with Hull City
625
Sports
Apr 3, 2013
Hull City players who never scored
520
Sports
Nov 15, 2015
20 League Goals For Hull City
499
Sports
Feb 14, 2014
Go to Creator's Profile
Score Distribution
Quiz Creator Spotlight
tigerrick
Follow
Send a Message
Quizzes Created
-
Created Quiz Play Count
-
More By This Creator
Popular Quizzes Today
1
Find the US States - No Outlines Minefield
2
Find the Countries of Europe - No Outlines Minefield
3
The Countries of the World
4
Find the US States
5
Risky Map Clicking: Biggest States A-Z
6
US States
7
Popular People in 1961
8
Movies - When Are They Set?
More Sports Quizzes
Sacramento Kings Players in Common
Quiz Lab
Trending Quizzes
Risky Map Clicking: Least Populous States A-Z
1-10 Letter G Words
1-10 Letter F Words
Risky Map Clicking: Next State Alphabetically
Risky Map Clicking: Biggest States A-Z
Recently Updated
Leaping Animals
pecheneg
Reality TV Shows (A-Z)
bhenderson79
Rickey Henderson's Hall of Fame Teammates
pecheneg
Champions League XIs: Arsenal
pecheneg
Quick Pick: Celebrities in WWE's Hall of Fame
aduchscher
A-Z Keypad Blitz II
pecheneg
Multiple Oscar Actors
pecheneg
Mystery Phrase Blitz: Oscar 'Best Actors'
pecheneg
F. Scott Fitzgerald Novels
LTH
Pick 3 Villains
ddd62291
Trending Topics
Crossword
Harry Potter
Marvel
Disney
NBA
Anime
Kpop
Pokémon
Song
Country
WWE
The Office
NFL
Puzzle
Soccer
Your Account Isn't Verified!
In order to create a playlist on Sporcle, you need to verify the email address you used during registration. Go to your
Sporcle Settings
to finish the process.
Report this User
Report this user for behavior that violates our
Community Guidelines
.
Details:
Send Report
Go to the Sporcle.com Mobile Site →
Comments